| 000 | 00723nam a22002057a 4500 | ||
|---|---|---|---|
| 005 | 20100730150943.0 | ||
| 010 | _aENG-97174 | ||
| 020 |
_a8178711532 _c295.00 |
||
| 020 |
_a9788178711539 _c295.00 |
||
| 035 | _aEN-80707 | ||
| 037 | _bDBAD/PUB | ||
| 082 | _a371.0770954 | ||
| 100 |
_aSikand, Yoginder _92718 |
||
| 245 |
_aIssues in madrasa education in India / _cby Yoginder Sikand |
||
| 260 |
_aGurgaon _bHope India Publications _c2008 |
||
| 270 |
_a85, Sector 23 _bGurgaon _e122017 |
||
| 300 |
_a112p. _c22cm (Hb) |
||
| 942 |
_2ddc _cEN _h371.0770954 _mSIK |
||
| 999 |
_c38288 _d38288 |
||